Statistics for Capital cities by elevation

Click here to take the quiz!

General Stats

  • This quiz has been taken 12 times
  • The average score is 18 of 31

Answer Stats

ElevationCapital% Correct
1400 mKathmandu
100%
3640 mLa Paz
100%
2625 mBogota
89%
1790 mKabul
89%
2240 mMexico City
89%
2850 mQuito
89%
1830 mTehran
78%
2355 mAddis Ababa
67%
1023 mAndorra La Vella
67%
2810 mSucre
67%
2334 mThimphu
67%
1079 mBrasilia
56%
1120 mDodoma
56%
1529 mGuatemala City
56%
1680 mNairobi
56%
1271 mPretoria
56%
1350 mUlaanbaatar
56%
2325 mAsmara
44%
1504 mGitega
44%
1483 mHarare
44%
1190 mKampala
44%
1567 mKigali
44%
1024 mLilongwe
44%
1270 mLusaka
44%
1673 mMaseru
44%
1243 mMbabane
44%
1146 mSan José
44%
1395 mBloemfontein
33%
2250 mSana'a
22%
1721 mWindhoek
22%
1288 mAntananarivo
11%

Score Distribution

Percentile by Number Answered

Percent of People with Each Score

Your Score History

You have not taken this quiz